| 000 | 00804nam a2200253Ia 4500 | ||
|---|---|---|---|
| 003 | GCL | ||
| 008 | 140319s9999 xx 000 0 ara d | ||
| 040 |
_aGCL / _cGCL |
||
| 082 | 0 | 4 |
_aق _b932 _bا ا |
| 100 | 1 | _aاحمد عوف | |
| 245 | 1 | 0 |
_aاحوال مصر من عصر لعصر / _cاحمد عوف |
| 260 |
_aالقاهرة : _bالعربى للنشر والتوزيع |
||
| 300 |
_a184 ص ؛ _c24 سم |
||
| 650 | 0 | 4 | _aمصر |
| 650 | 0 | 4 | _aتاريخ |
| 650 | 0 | 4 | _aالحضارة الفرعونية |
| 650 | 0 | 4 | _aالدولة الاخشيدية |
| 650 | 0 | 4 | _aثورة 23 يوليو 1952 |
| 650 | 0 | 4 | _aالدولة الايوبية |
| 650 | 0 | 4 | _aالعصر اليونانى |
| 650 | 0 | 4 | _aمصر البطالة |
| 650 | 0 | 4 | _aالعصر الطولونى (868 - 905م) |
| 942 |
_2ddc _cBK |
||
| 999 |
_c53060 _d53060 |
||